000 00323nam a2200133Ia 4500
005 20251222141929.0
008 251222s9999||||xx |||||||||||||| ||spa||
020 _a8485851471
082 _a375.001/M26/Ej.2
100 _aRomán Pérez, Martiniano
245 0 _aCurrículum y Programación:
264 _bEOS
942 _cLIB
999 _c8964
_d8964